|
|
|
|
| LEADER |
00000nam0a2200000 4500 |
| 001 |
374220 |
| 005 |
20231102012632.0 |
| 035 |
|
|
|a (RuTPU)RU\TPU\retro\31654
|
| 035 |
|
|
|a RU\TPU\book\273464
|
| 090 |
|
|
|a 374220
|
| 100 |
|
|
|a 20221219d1911 m y0rusy50 ca
|
| 101 |
0 |
|
|a rus
|
| 102 |
|
|
|a RU
|
| 105 |
|
|
|a a j 001zy
|
| 200 |
1 |
|
|a Теплота и заводские печи
|e курс, читанный студентам Химического Отделения Киевского Политехнического Института Императора Александра II
|f К. Г. Дементьев
|
| 210 |
|
|
|a Киев
|c Издание книгопродавца Н. Я. Оглоблина
|d 1911
|
| 215 |
|
|
|a 614 с.
|c ил.
|
| 300 |
|
|
|a Текст в русской дореформенной орфографии
|
| 316 |
|
|
|5 63413507: 239//525
|a В одном переплете с "Атласом масштабных чертежей" (Киев, 1911)
|
| 316 |
|
|
|5 63413507: М-133116
|a На титульном листе владельческий штамп: "Из книг инж. И. Н. Бутакова"
|
| 317 |
|
|
|5 63413507: М-133116
|a Поступила в НТБ в 1970 г. в составе книжного собрания профессора ТПИ И. Н. Бутакова
|
| 320 |
|
|
|a Библиогр.: с. 603-605
|
| 320 |
|
|
|a Предм. указ.: с. 607-614
|
| 606 |
1 |
|
|a Тепловое хозяйство
|2 stltpush
|3 (RuTPU)RU\TPU\subj\32980
|9 55350
|
| 606 |
1 |
|
|a Печи
|x Теплотехнические расчеты
|2 stltpush
|3 (RuTPU)RU\TPU\subj\31387
|9 54250
|
| 610 |
1 |
|
|a химическая технология
|
| 610 |
1 |
|
|a промышленные печи
|
| 610 |
1 |
|
|a топливо
|
| 610 |
1 |
|
|a учебные пособия
|
| 610 |
1 |
|
|a библиотека И. Н. Бутакова
|
| 610 |
1 |
|
|a коллекция русских учебников
|
| 675 |
|
|
|a 662.6(075.8)
|v 3
|
| 675 |
|
|
|a 66.041
|v 3
|
| 700 |
|
1 |
|a Дементьев
|b К. Г.
|g Константин Григорьевич
|
| 801 |
|
1 |
|a RU
|b 63413507
|c 20140219
|
| 801 |
|
2 |
|a RU
|b 63413507
|c 20221219
|g RCR
|
| 942 |
|
|
|c BK
|